Stolice wspólnot autonomicznych Hiszpanii - Statystyki

Ogólne statystyki
  • Ten quiz został rozwiązany 111 razy
  • Średni wynik to 12 z 18
Statystyki odpowiedzi
Wspólnota Stolica % Poprawnych
13. Madryt Madryt
96%
10. Katalonia Barcelona
95%
1. Andaluzja Sewilla
93%
16. Walencja Walencja
89%
14. Murcja Murcja
82%
18. Wyspy Kanaryjskie Las Palmas de Gran Canaria
75%
4. Baleary Palma de Mallorca
68%
2. Aragonia Saragossa
64%
7. Kantabria Santander
57%
6. Galicja Santiago de Compostela
57%
9. Kastylia i León Valladolid
55%
8. Kastylia-La Mancha Toledo
52%
11. Kraj Basków Vitoria-Gasteiz
50%
15. Nawarra Pampeluna
48%
5. Extremadura Mérida
46%
3. Asturia Oviedo
46%
17. Wyspy Kanaryjskie Santa Cruz de Tenerife
45%
12. La Rioja Logroño
32%
Nie znaleziono quizów pasujących do podanych kryteriów
Rozkład punktacji
Procent ludzi z każdym wynikiem
Percentyl według liczby udzielonych odpowiedzi
Twoja historia wyników
Nie rozwiązałeś tego quizu